Les 15 départements avec le plus de campings en 2024 - Statistiques

Statistiques générales
  • Ce quiz a été pris 80 fois
  • Le résultat moyen est 9 sur 15
Statistiques - réponses
Rang Nombre de terrains Nombre d'emplacements Départements % Correct
7 210 45169 Hérault
77%
1 309 52504 Vendée
77%
7 210 39646 Var
75%
4 246 29367 Finistère
74%
5 223 28638 Morbihan
74%
10 168 38176 Landes
72%
12 146 33383 Gironde
70%
2 280 51488 Charente-Maritime
67%
11 151 15299 Côtes-d'Armor
64%
9 177 33896 Pyrénées-Orientales
61%
3 270 25036 Ardèche
49%
12 146 18590 Pas-de-Calais
39%
6 222 21160 Dordogne
38%
15 138 9363 Aveyron
35%
14 144 10771 Drôme
33%
Aucun quiz correspondant
Distribution des résultats
% des personnes avec chaque résultat
Percentile par nombre de réponses
Votre historique - résultats
Vous n’avez pas pris ce quiz